书目信息 |
| 题名: |
积分的方法与技巧
|
|
| 作者: | 金玉明 , 顾新身 , 毛瑞庭 编著 | |
| 分册: | ||
| 出版信息: | 合肥 中国科学技术大学出版社 2017.1 |
|
| 页数: | 406页 | |
| 开本: | 24cm | |
| 丛书名: | 高校核心课程学习指导丛书 | |
| 单 册: | ||
| 中图分类: | O172.2 | |
| 科图分类: | ||
| 主题词: | 积分--方法 | |
| 电子资源: | ||
| ISBN: | 978-7-312-04051-1 | |
| 000 | 01007nam 2200289 450 | |
| 001 | 0400001227 | |
| 005 | 20171015141428.0 | |
| 010 | @a978-7-312-04051-1@dCNY48.00 | |
| 100 | @a20170328d2017 em y0chiy50 ea | |
| 101 | 0 | @achi |
| 102 | @aCN@b340000 | |
| 105 | @ay z 000yy | |
| 106 | @ar | |
| 200 | 1 | @a积分的方法与技巧@9ji fen de fang fa yu ji qiao@f金玉明,顾新身,毛瑞庭编著 |
| 210 | @a合肥@c中国科学技术大学出版社@d2017.1 | |
| 215 | @a406页@d24cm | |
| 225 | 1 | @a高校核心课程学习指导丛书 |
| 320 | @a有书目(第405-406页) | |
| 330 | @a本书专门讲述积分方法,涵盖各种函数积分的方法,从初等函数到特殊函数,从实变函数到复变函数。全书以方法为中心、以算例为导向,读者可在算例的引导下,逐步掌握积分之方法。 | |
| 410 | 0 | @12001 @a高校核心课程学习指导丛书 |
| 606 | 0 | @a积分@x方法 |
| 690 | @aO172.2@v5 | |
| 701 | 0 | @a金玉明@9jin yu ming@4编著 |
| 701 | 0 | @a顾新身@9gu xin shen@4编著 |
| 701 | 0 | @a毛瑞庭@9mao rui ting@4编著 |
| 801 | 0 | @aCN@b91MARC@c20171015 |
| 905 | @b1020524-8@dO172.2@f5@e135 | |
| 积分的方法与技巧/金玉明,顾新身,毛瑞庭编著.-合肥:中国科学技术大学出版社,2017.1 |
| 406页;24cm.-(高校核心课程学习指导丛书) |
| ISBN 978-7-312-04051-1:CNY48.00 |
| 本书专门讲述积分方法,涵盖各种函数积分的方法,从初等函数到特殊函数,从实变函数到复变函数。全书以方法为中心、以算例为导向,读者可在算例的引导下,逐步掌握积分之方法。 |
| ● |
| 相关链接 |
|
|
|
|
正题名:积分的方法与技巧
索取号:O172.2/135
 
预约/预借
| 序号 | 登录号 | 条形码 | 馆藏地/架位号 | 状态 | 备注 |
| 1 | 1020524 | 210205240 | 第二样本阅览室/ [索取号:O172.2/135] | 在馆 | |
| 2 | 1020525 | 210205259 | 数信系资料室/ [索取号:O172.2/135] | 在馆 | |
| 3 | 1020526 | 210205268 | 第三借阅区/ [索取号:O172.2/135] | 在馆 | |
| 4 | 1020527 | 210205277 | 第三借阅区/ [索取号:O172.2/135] | 在馆 | |
| 5 | 1020528 | 210205286 | 第三借阅区/ [索取号:O172.2/135] | 在馆 |